Normal view
MARC view
- اختبارات شخصية
Entry Topical Term
001 - CONTROL NUMBER
- control field: 22639
003 - CONTROL NUMBER IDENTIFIER
- control field: JO-AjAnu
005 - DATE AND TIME OF LATEST TRANSACTION
- control field: 20230606073914.0
008 - FIXED-LENGTH DATA ELEMENTS
- fixed length control field: 230606|| aca||aabn | a|a d
040 ## - CATALOGING SOURCE
- Original cataloging agency: JO-AjAnu
- Transcribing agency: JO-AjAnu
150 ## - HEADING--TOPICAL TERM
- Topical term or geographic name entry element: اختبارات شخصية
670 ## - SOURCE DATA FOUND
- Source citation: Work cat.: (JO-AjAnu)11636: لويس،كيرو ، إدلبي،زاهي/ترجمة, author 22638, اكتشف شخصيتك وشخصيات الآخرين:اعرف نفسك،كيف تفهم الاخرين،اختبارات لمعرفة ذاتك،كيف تحدد اهدافك،اكتشف طاقتك الكامنة